00784cam a2200229 a 4500999001500000001000600015003000900021005001700030008004100047020001900088020001500107040003800122082002000160100002800180245005100208260004400259300003200303504005100335650003800386942001200424952011800436 c3331d333110813BD-DhUAP20200303160041.0200303s1998 bg abf b f000 0 eng  a9781405317719  a140531771X aBD-DhUAPcBD-DhUAPdBD-DhUAPbEng a751.422 BAR223 aBarnes-Mellish, Glynis. aWatercolour workshop /cGlynis Barnes-Mellish. aLondon : bDorling Kindersley, cc2005. a128 pages :bill. ;c27 cm. aIncludes bibliographical references and index. aWatercolor painting -- Technique. 2ddccBK 00102ddc4070aUAPCLbUAPCLcGeneral Stacksd2020-03-03o751.422 BARp3010010813r2020-03-03t1w2020-03-03yBK